| 000 | 00728nam a22002057a 4500 | ||
|---|---|---|---|
| 999 |
_c17987 _d17987 |
||
| 003 | OSt | ||
| 005 | 20230323152957.0 | ||
| 008 | 230323b ||||| |||| 00| 0 eng d | ||
| 040 | _c0 | ||
| 082 | _aDPer 570 J826 2021 v55 no. 1-5 | ||
| 100 |
_aBonachea, Luis A. _eauthor. _948021 |
||
| 245 |
_aA low-cost laboratory demonstration of the effects of temperature on the metabolism of an aquatic poikilotherm / _cLuis A. Bonachea |
||
| 260 |
_aUnited Kingdom, _bTaylor & Francis Group, _cFebruary 2021. |
||
| 300 | _avolume 55, pages 60-65, illustration. | ||
| 650 |
_aAnimals. _948022 |
||
| 650 |
_aMetabolism. _927275 |
||
| 650 |
_aTemperature. _948023 |
||
| 700 |
_aBonachea, Luis A. _eauthor. _948021 |
||
| 942 |
_2ddc _cPER |
||